ბათუმის შოთა რუსთაველის სახელმწიფო უნივერსიტეტის ბიბლიოთეკა

რჩეული თხზულებანი : რვატომეული. ტ. 4 : დავით აღმაშენებელი (ბიბ.ჩანაწერი № 50201)

000 -LEADER
fixed length control field 00881nam a2200205Ia 4500
001 - CONTROL NUMBER
control field 17139
003 - CONTROL NUMBER IDENTIFIER
control field GE_BSU
008 - FIXED-LENGTH DATA ELEMENTS--GENERAL INFORMATION
fixed length control field 181216s||||||||xx |||||||||||||| ||und||
040 ## - CATALOGING SOURCE
Transcribing agency GE_BSU
080 ## - UNIVERSAL DECIMAL CLASSIFICATION NUMBER
Universal Decimal Classification number 821.353.1-311
100 ## - MAIN ENTRY--PERSONAL NAME
Personal name გამსახურდია, კ. (კონსტანტინე, 1891-1975)
245 ## - TITLE STATEMENT
Title რჩეული თხზულებანი : რვატომეული. ტ. 4 : დავით აღმაშენებელი
245 ## - TITLE STATEMENT
Statement of responsibility, etc. სარედ. კოლ.: ირაკლი აბაშიძე, სერგი ჭილაია, გიორგი ნატროშვილი
260 ## - PUBLICATION, DISTRIBUTION, ETC.
Place of publication, distribution, etc. თბილისი
260 ## - PUBLICATION, DISTRIBUTION, ETC.
Name of publisher, distributor, etc. საბჭ. საქართველო
260 ## - PUBLICATION, DISTRIBUTION, ETC.
Date of publication, distribution, etc. 1962
300 ## - PHYSICAL DESCRIPTION
Extent 809 გვ.23 სმ
653 ## - INDEX TERM--UNCONTROLLED
Uncontrolled term დავით აღმაშენებელი
942 ## - ADDED ENTRY ELEMENTS (KOHA)
Koha item type წიგნი
ეგზემპლარები
Withdrawn status Lost status Damaged status Not for loan Date acquired Barcode Date last seen Price effective from Koha item type
        2018-12-17 21810 2018-12-17 2018-12-17 წიგნი